Guess The Movie - Statistiques

Statistiques générales
  • Ce quiz a été pris 875 fois
  • Le résultat moyen est 4 sur 16
Statistiques - réponses
Année de sortie Acteurs principaux Genres Indice Film % Correct
2000 Russell Crowe, Joaquin Phoenix Drame, Action, Aventure champ de blé Gladiator
64%
2022 Brad Pitt, Margot Robbie, Diego Calva Comédie, Drame grosse fête Babylon
58%
1997 Bruce Willis, Gary Oldman, Milla Jovovich Thriller, Fantaisie, Action, Aventure, SF taxi volant The Fifth Element / Le Cinquième Element
57%
2013 Hugh Jackman, Jake Gyllenhaal Policier, Thriller, Drama douche froide Prisoners
48%
1995 Al Pacino, Robert de Niro, Val Kilmer Policier, Drame, Action duel au sommet Heat
44%
2007 Tommy Lee Jones, Javier Bardem, Josh Brolin, Woody Harrelson Policier, Thriller, Drame bombonne de gaz No Country For Old Men
36%
2004 Tom Hanks, Catherine Zeta-Jones, Stanley Tucci Comédie, Drame problème de passeprot The Terminal / Le Terminal
34%
1987 Kevin Costner, Robert de Niro, Sean Connery, Andy Garcia Policier, Thriller, Drame, Histoire prohibition The Untouchables / Les Incorruptibles
19%
2011 Marion Cotillard, Matt Damon, Laurence Fishburne, Jude Law, Kate Winslet Thriller, Drame SF covid revisité Contagion
16%
1992 Gary Oldman, Winona Ryder, Keanu Reeves, Anthony Hopkins Horreur, Romance agent immobilier Dracula
15%
1988 Philippe Noiret, Jacques Perrin Drame, Romance italie Cinema Paradiso
10%
1956 John Wayne, Jeffrey Hunter, Vera Miles Western traque désertique The Searchers / La Prisonnière du Désert
10%
1957 Kirk Douglas, Ralph Meeker, Adolphe Menjou Drame, Guerre ne pas reculer Paths of Glory / Les Sentiers de la Gloire
9%
2017 Gary Oldman, Kristin Scott Thomas, Lily James, Ben Mendelsohn Drame, Histoire cigare et whisky Darkest Hour / Les Heures Sombres
8%
2007 Viggo Mortensen, Naomi Watts, Vincent Cassel Policier, Thriller, Mystère sauna sanglant Eastern Promises / Les Promesses de l'Ombre
5%
2017 Emma Watson, Tom Hanks, John Boyega Thriller, Drame, SF surveillance The Cercle
3%
Aucun quiz correspondant
Distribution des résultats
% des personnes avec chaque résultat
Percentile par nombre de réponses
Votre historique - résultats
Vous n’avez pas pris ce quiz